Loading...
Fine Arts - Classical Music | 0 | 4 | 0 | 3 | 40 | 94 | 115.00 | 0 | 1 |
Literature - European Literature | 0 | 3 | 0 | 1 | 30 | 127 | 144.33 | 0 | 0 |
Fine Arts - Painting & Sculpture | 0 | 3 | 0 | 2 | 30 | 113 | 137.00 | 0 | 0 |
History - American History | 0 | 3 | 0 | 1 | 30 | 102 | 119.00 | 0 | 0 |
Fine Arts - Other Fine Arts | 0 | 3 | 0 | 0 | 30 | 33 | 66.00 | 1 | 2 |
Literature - World Literature | 0 | 3 | 0 | 1 | 30 | 127 | 137.00 | 0 | 0 |
History - Other History | 0 | 2 | 0 | 1 | 20 | 99 | 100.00 | 0 | 0 |
Geography | 0 | 2 | 0 | 0 | 20 | 102 | 105.00 | 0 | 1 |
Social Science | 0 | 2 | 1 | 0 | 15 | 65 | 95.50 | 1 | 1 |
Literature - American Literature | 0 | 2 | 1 | 0 | 15 | 77 | 88.00 | 0 | 1 |
Philosophy | 0 | 2 | 1 | 1 | 15 | 103 | 113.00 | 0 | 1 |
History - European History | 0 | 1 | 0 | 0 | 10 | 133 | 133.00 | 0 | 0 |
Science - Biology | 0 | 1 | 0 | 1 | 10 | 132 | 132.00 | 0 | 0 |
Science - Other Science | 0 | 1 | 0 | 0 | 10 | 81 | 81.00 | 1 | 1 |
Other Academic | 0 | 1 | 1 | 0 | 5 | 121 | 121.00 | 0 | 0 |
Literature - British Literature | 0 | 2 | 3 | 0 | 5 | 69 | 77.50 | 2 | 2 |
Science - Physics | 0 | 0 | 1 | 0 | -5 | 0.00 | 0 | 0 |